000 00728nam a2200229Ii 4500
003 JO-AjNU
008 230605s9999||||xx |||||||||||||| ||und||
017 _a22/2831
020 _a9960-32-110-X
040 _aJO-AjNU
_bara
_erda
_cJO-AjNU
041 _aara
050 1 4 _aBP173.758 2000
100 3 _aشابرا، محمد عمر، م.مشارك طارق الله خان,
_eauthor
_928097
245 0 0 _aالرقابة والإشراف على المصارف الإسلامية
250 _aط1
264 3 1 _aجدة: د.ن، 2000
300 _a131ص
336 _atext
_btxt
_2rdacontent
337 _aunmediated
_bn
_2rdamedia
338 _avolume
_bnc
_2rdacarrier
650 4 _aالاقتصاد الاسلامي
_928098
999 _aA10855
_c14423
_d14423